000 00792nam a2200205 a 4500
001 000002665
005 20240313135919.0
008 090703s1982 dr r 000 0 spa d
040 _aDO-SdBNP
_bspa
_cBNPHU
082 _a338.97293
_bM516te
100 1 _a Mejía-Ricart G., Marcio,
_d1933-
_q(Mejía-Ricart Guzmán), |
_98411
245 1 0 _aTeoría política y económica "a la dominicana" /
_cMarcio Mejía-Ricart G.
260 _aSanto Domingo :
_bAlfa & Omega,
_c1982.
300 _axl, 312 p. ;
_c17 cm.
500 _aIncluye breve biografía del autor en la contracubierta.
590 _aInventariado, 2018/BT
651 4 _aRepública Dominicana
_xCondiciones Económicas
_9281
651 4 _aRepública Dominicana
_xPolítica Económica
_9643
910 _aValidado. Control de la calidad. EMS
999 _c2501
_d2501